000 01122namaa2200289 i 4500
003 EG-GICUC
005 20260208125540.0
008 260208s2000 mr ||||jr|||| 000 p ara d
040 _aEG-GiCUC
_bara
_cEG-GiCUC
_dEG-GiCUC
_erda
082 0 4 _221
_a418.02
_bD555t
092 0 4 _221
_a418.02
_bD555t
099 _a418.02 D555t
100 1 _aالديداوى، محمد
_eمؤلف.
245 1 2 _aالترجمة والتواصل :
_bدراسات تحليلية عملية لاشكالية الاصطلاح ودور المترجم /
_cد.محمد الديداوى
250 _aالطبعة الاولى
264 _aالدار البيضاء (المغرب) :
_bالمركز الثقافى العربى،
_c2000
300 _a271 صفحة ؛
_c24 سم
336 _2rdacontent
_atext
337 _2rdamedia
_aUnmediated
338 _2rdacarrier
_avolume
504 _a. 248-237 ببليوجرافيا: صفحات.
541 _aد. / جابر عصفور ؛
_bالقاهرة ؛
_cإهداء ؛
_d2024.
650 1 7 _aالترجمة العربية
_2qrmak
651 1 _2qrmak
905 _aAmira
942 _2ddc
_cBK
_e21
_n0
999 _c178257
_d178257